Dohoda o pracovnej činnosti na výkon sezónnej práce

S cieľom zjednodušenia zamestnávania, ako aj zníženia nákladov zamestnávateľa, sa od 1. januára 2023 zaviedol nový podtyp dohody o pracovnej činnosti, a to dohoda o pracovnej činnosti na výkon sezónnej práce. Táto dohoda je využívaná pri tzv. sezónnej práci. Aké práce možno považovať za sezónne prác...

Celý popis

Uložené v:
Podrobná bibliografia
Hlavný autor: Petríková, Lucia
Médium: Kapitola
Jazyk:Slovak
Predmet:
Tagy: Pridať tag
Žiadne tagy, Buďte prvý, kto otaguje tento záznam!

MARC

LEADER 00000naa a2200000 4500
001 0308465
005 20250505125636.7
041 0 |a slo 
044 |a SK 
245 1 0 |a Dohoda o pracovnej činnosti na výkon sezónnej práce  |c Lucia Petríková 
520 |a S cieľom zjednodušenia zamestnávania, ako aj zníženia nákladov zamestnávateľa, sa od 1. januára 2023 zaviedol nový podtyp dohody o pracovnej činnosti, a to dohoda o pracovnej činnosti na výkon sezónnej práce. Táto dohoda je využívaná pri tzv. sezónnej práci. Aké práce možno považovať za sezónne práce? Na akú dobu možno najdlhšie uzatvoriť túto dohodu? Aké sú novinky v právnej úprave s účinnosťou od 1. januára 2025? 
610 2 0 |a dohody o činnosti pracovnej 
610 2 0 |a sezónnosť 
610 2 0 |a zamestnanci 
610 2 0 |a zamestnávatelia 
610 2 0 |a úpravy právne 
610 2 0 |a legislatíva 
100 1 |a Petríková, Lucia